00321nam a2200133Ia 450000500170000000800410001708200130005810000210007124500220009225000080011426000430012230000120016565000100017720250405121734.0240331s9999 xx 000 0 und d bSENa894 aSengaiyaliyan, K 0aOrumaya vaddankal a2nd aNiraaviyadibKamalam Pathippagamc1991 a94 p ., aNovel